01106cam a2200277 a 450000100100000000500170001000800410002702000160006803500190008403500270010304000340013008200240016410000480018824501210023625000110035726000540036830000280042249000410045065100480049160000580053983000470059791000330064404900090067795201270068699900150081300000716420200929154102.0970415s1998 pr a 000 0dspa d z01563280256 a(DLC) 97139681 a(CStRLIN)PAUGEAD7909-B aDO-SdBNPbspacPUdDLCdBNPHU a972.95bR696p, 19981 aRodríguez Juliá, Edgardo,d1946-91989210aPuertorriqueños :bálbum de la sagrada familia puertorriqueña a partir de 1898 /cEdgardo Rodríguez Juliá. a4a ed. aRio Piedras, (Puerto Rico) :bPlaza Mayor,c1998. a172 p. :bil. ;c22 cm.1 aBiblioteca de autores de Puerto Rico 4aPuerto RicoxVida Social Y Costumbre91989314aRODRÍGUEZ JULIÁ, EDGARDO,d1946-xFAMILIA.919894 0aBiblioteca de autores de Puerto Rico99722 aCatalogación derivada / LC aBNGR 001052708MOaGRbGRcCTd2009-09-05iLF1l0o972.95 R696p, 1998p7164-10r2020-06-25w2020-06-25y2ZPréstamo interno c6945d6945